000 00361pam a2200157a 44500
008 230515b1992 xxu||||| |||| 00| 0 eng d
020 _aNULL
041 _aENGLISH
082 _aN.D.
100 _aOgata Katsuhiko
245 _aModern Control Engineering
250 _a0
260 _aNULL
_bPrentice Hall of India
_c1992
300 _a961
650 _aNULL
999 _c575059
_d575059